NFL Championships (Before the Super Bowl) - Statistics

General Stats
  • This quiz has been taken 72 times
  • The average score is 16 of 33
Answer Stats
Year Answer % Correct
1933 Chicago Bears
79%
1965 Green Bay Packers
70%
1964 Cleveland Browns
61%
1934 New York Giants
59%
1950 Cleveland Browns
55%
1961 Green Bay Packers
55%
1962 Green Bay Packers
55%
1936 Green Bay Packers
54%
1960 Philadelphia Eagles
54%
1952 Detroit Lions
52%
1953 Detroit Lions
52%
1935 Detroit Lions
50%
1963 Chicago Bears
48%
1940 Chicago Bears
46%
1943 Chicago Bears
46%
1944 Green Bay Packers
46%
1941 Chicago Bears
45%
1946 Chicago Bears
45%
1947 Chicago Cardinals
45%
1957 Detroit Lions
45%
1939 Green Bay Packers
45%
1956 New York Giants
45%
1948 Philadelphia Eagles
45%
1949 Philadelphia Eagles
45%
1958 Baltimore Colts
43%
1951 Los Angeles Rams
43%
1937 Washington Redskins
43%
1942 Washington Redskins
43%
1959 Baltimore Colts
39%
1945 Cleveland Rams
39%
1954 Cleveland Rams
38%
1938 New York Giants
38%
1955 Cleveland Rams
36%
No matching quizzes found
Score Distribution
Percent of People with Each Score
Percentile by Number Answered
Your Score History
You have not taken this quiz